[Event "CZE-chT2F 2223"]
[Site "Czech Republic"]
[Date "2023.03.26"]
[Round "11"]
[White "Mitura, Vaclav"]
[Black "Kaminsky, Rudolf"]
[Result "1/2-1/2"]
[WhiteElo "2051"]
[BlackElo "2003"]
[PlyCount "35"]
[EventDate "2022.10.16"]
[EventType "team-tourn"]
[EventRounds "11"]
[EventCountry "CZE"]
[SourceTitle "EXT 2024"]
[Source "ChessBase"]
[SourceDate "2023.10.10"]
[SourceVersion "1"]
[SourceVersionDate "2023.10.10"]
[SourceQuality "1"]
[WhiteTeam "Cesky Tesin Slavoj"]
[BlackTeam "Havirov Slovan"]
[WhiteTeamCountry "CZE"]
[BlackTeamCountry "CZE"]

1. d4 Nf6 2. c4 e6 3. Nc3 d5 4. Nf3 Be7 5. Bg5 0-0 6. e3 b6 7. Be2 Bb7 8. Bxf6 Bxf6 9. cxd5 Bxd5 10. 0-0 Bb7 11. Qc2 Nd7 12. Rad1 Rc8 13. Nb5 a6 14. Na7 Ra8 15. Nc6 Re8 16. Rc1 Rc8 17. Na7 Ra8 18. Nc6 1/2-1/2

[Event "CZE-chT2F 2223"]
[Site "Czech Republic"]
[Date "2023.02.19"]
[Round "9"]
[White "Mitura, Vaclav"]
[Black "Hladik, Oto"]
[Result "1/2-1/2"]
[WhiteElo "2060"]
[BlackElo "2116"]
[PlyCount "46"]
[EventDate "2022.10.16"]
[EventType "team-tourn"]
[EventRounds "11"]
[EventCountry "CZE"]
[SourceTitle "EXT 2024"]
[Source "ChessBase"]
[SourceDate "2023.10.10"]
[SourceVersion "1"]
[SourceVersionDate "2023.10.10"]
[SourceQuality "1"]
[WhiteTeam "Cesky Tesin Slavoj"]
[BlackTeam "Ostrava II"]
[WhiteTeamCountry "CZE"]
[BlackTeamCountry "CZE"]

1. d4 Nf6 2. c4 g6 3. Nc3 Bg7 4. Bg5 c5 5. d5 d6 6. e3 0-0 7. Be2 Na6 8. h3 Rb8 9. Nf3 Nc7 10. a4 a6 11. a5 b5 12. axb6 Rxb6 13. Ra2 h6 14. Bf4 Nh5 15. Na4 Rb4 16. Bh2 Bd7 17. b3 Bxa4 18. bxa4 Nf6 19. Nd2 Qb8 20. 0-0 Qb7 21. Qc2 Rb8 22. Bd3 Nce8 23. Bf4 Nh5 1/2-1/2

[Event "CZE-chT2F 2223"]
[Site "Czech Republic"]
[Date "2023.01.08"]
[Round "6"]
[White "Sikorova, Olga"]
[Black "Mitura, Vaclav"]
[Result "1/2-1/2"]
[WhiteElo "2147"]
[BlackElo "2059"]
[PlyCount "161"]
[EventDate "2022.10.16"]
[EventType "team-tourn"]
[EventRounds "11"]
[EventCountry "CZE"]
[SourceTitle "EXT 2024"]
[Source "ChessBase"]
[SourceDate "2023.10.10"]
[SourceVersion "1"]
[SourceVersionDate "2023.10.10"]
[SourceQuality "1"]
[WhiteTeam "Trinec II"]
[BlackTeam "Cesky Tesin Slavoj"]
[WhiteTeamCountry "CZE"]
[BlackTeamCountry "CZE"]

1. c4 c6 2. g3 d5 3. Bg2 Nf6 4. Nf3 Bf5 5. b3 e6 6. 0-0 h6 7. Bb2 Be7 8. d3 a5 9. a3 Na6 10. Nbd2 Bh7 11. Ra2 0-0 12. Qa1 Re8 13. Ne5 Bf8 14. Bc3 Nc7 15. b4 axb4 16. axb4 Rxa2 17. Qxa2 Na6 18. Qb2 Nd7 19. b5 Nac5 20. bxc6 Nxe5 21. c7 Qxc7 22. Bxe5 Qd7 23. Rb1 f6 24. Bd4 dxc4 25. Nxc4 Bg6 26. Nb6 Qd8 27. Rc1 Nd7 28. Bxb7 Nxb6 29. Bxb6 Qd6 30. Bc7 Qb4 31. Qxb4 Bxb4 32. Bc6 Rf8 33. Rb1 Bc5 34. Rb5 Ba3 35. Ra5 Bb4 36. Ra4 Be7 37. d4 Be8 38. Bxe8 Rxe8 39. e4 Rc8 40. Ra7 Bd8 41. Bxd8 Rxd8 42. Ra4 Rb8 43. h4 h5 44. Kg2 Kf7 45. Ra7+ Kg6 46. Ra3 Rb4 47. Rd3 f5 48. exf5+ Kxf5 49. Rf3+ Kg6 50. Rf4 Rb3 51. f3 Rb5 52. Kf2 e5 53. dxe5 Rxe5 54. Re4 Ra5 55. Ke3 Kh6 56. Kf4 Ra7 57. g4 hxg4 58. fxg4 g6 59. Ke5 Kg7 60. g5 Ra5+ 61. Kf4 Ra7 62. Rd4 Re7 63. Rc4 Kf7 64. Re4 Ra7 65. Ke5 Ra5+ 66. Kd6 Ra6+ 67. Kc5 Ra7 68. Rf4+ Kg7 69. Kb6 Ra3 70. Rd4 Ra2 71. Kc6 Kf7 72. Kd5 Ra5+ 73. Ke4 Ra7 74. Rc4 Rd7 75. Ke5 Ra7 76. Kd6 Ra6+ 77. Kc5 Ra5+ 78. Kb6 Ra3 79. Rf4+ Kg7 80. Rd4 Kf7 81. Rf4+ 1/2-1/2

[Event "CZE-chT1E 2122"]
[Site "Czech Republic"]
[Date "2022.03.27"]
[Round "11.2"]
[White "Mitura, Vaclav"]
[Black "Vitak, Pavel"]
[Result "1/2-1/2"]
[WhiteElo "2138"]
[BlackElo "2216"]
[PlyCount "60"]
[EventDate "2021.10.09"]
[EventType "team-tourn"]
[EventRounds "11"]
[EventCountry "CZE"]
[SourceTitle "EXT 2023"]
[Source "ChessBase"]
[SourceDate "2022.10.05"]
[SourceVersion "1"]
[SourceVersionDate "2022.10.05"]
[SourceQuality "1"]
[WhiteTeam "Cesky Tesin"]
[BlackTeam "Vsetin"]
[WhiteTeamCountry "CZE"]
[BlackTeamCountry "CZE"]

1. d4 Nf6 2. Nf3 g6 3. c4 Bg7 4. Nc3 0-0 5. Bg5 d6 6. e3 Nbd7 7. Be2 e6 8. Qc2 c6 9. 0-0 Qe7 10. b4 h6 11. Bh4 Re8 12. Rfd1 g5 13. Bg3 Nh5 14. c5 Nxg3 15. hxg3 Nf6 16. Rab1 Nd5 17. Ne4 dxc5 18. dxc5 Rf8 19. Rb3 Bd7 20. Nd6 b5 21. Nd4 a5 22. a3 axb4 23. axb4 Ra4 24. Rdb1 Rfa8 25. Bh5 Be8 26. Bf3 Ra2 27. R1b2 Ra1+ 28. Rb1 R1a2 29. R1b2 Ra1+ 30. Rb1 R1a2 1/2-1/2

[Event "CZE-chT2F 2122"]
[Site "Czech Republic"]
[Date "2022.02.13"]
[Round "8.6"]
[White "Mitura, Vaclav"]
[Black "Gemsa, Pavel"]
[Result "1-0"]
[WhiteElo "2084"]
[BlackElo "1972"]
[PlyCount "69"]
[EventDate "2021.10.17"]
[EventType "team-tourn"]
[EventRounds "11"]
[EventCountry "CZE"]
[SourceTitle "EXT 2024"]
[Source "ChessBase"]
[SourceDate "2023.10.10"]
[SourceVersion "1"]
[SourceVersionDate "2023.10.10"]
[SourceQuality "1"]
[WhiteTeam "Karvina"]
[BlackTeam "Dolni Benesov"]
[WhiteTeamCountry "CZE"]
[BlackTeamCountry "CZE"]

1. d4 Nf6 2. c4 g6 3. Nc3 d5 4. Bf4 Bg7 5. e3 0-0 6. Rc1 c6 7. h3 Qa5 8. Nf3 Nbd7 9. Be2 dxc4 10. Bxc4 Nb6 11. Bb3 Nbd5 12. Be5 Nxc3 13. bxc3 Bf5 14. 0-0 Rad8 15. Qe2 Ne4 16. Rfd1 b6 17. Qe1 h5 18. Bxg7 Kxg7 19. Ne5 Rc8 20. f3 Nf6 21. g4 hxg4 22. hxg4 Be6 23. Bxe6 fxe6 24. Rd2 Rh8 25. Rcc2 Rh7 26. Rh2 Rch8 27. Qb1 Qb5 28. Rxh7+ Rxh7 29. Rb2 Qa4 30. Rh2 Kf8 31. Rxh7 Nxh7 32. Kf2 Ke8 33. Qxg6+ Kd8 34. Qxh7 Qd1 35. Kg3 1-0

[Event "CZE-chT1E 1920"]
[Site "Czech Republic"]
[Date "2020.01.05"]
[Round "5.3"]
[White "Mitura, Vaclav"]
[Black "Lojek, Marek"]
[Result "1/2-1/2"]
[WhiteElo "2145"]
[BlackElo "2199"]
[PlyCount "46"]
[EventDate "2019.10.20"]
[EventType "team-tourn"]
[EventRounds "11"]
[EventCountry "CZE"]
[SourceTitle "CBM 194 Extra"]
[Source "ChessBase"]
[SourceDate "2020.03.31"]
[SourceVersion "1"]
[SourceVersionDate "2020.03.31"]
[SourceQuality "1"]
[WhiteTeam "Cesky Tesin"]
[BlackTeam "Orlova Slavia"]
[WhiteTeamCountry "CZE"]
[BlackTeamCountry "CZE"]

1. d4 Nf6 2. Bf4 d6 3. e3 g6 4. Nf3 Bg7 5. h3 0-0 6. Be2 b6 7. 0-0 Bb7 8. c4 Nfd7 9. Nc3 c5 10. d5 Ne5 11. Qc2 Nbd7 12. a4 h6 13. Bg3 Nxf3+ 14. Bxf3 f5 15. Be2 Nf6 16. f4 e6 17. dxe6 Qe7 18. Bf3 Bxf3 19. Rxf3 Qxe6 20. b3 Ne4 21. Be1 Rad8 22. Rd1 Nxc3 23. Bxc3 Bxc3 1/2-1/2

[Event "CZE-chT1E 1920"]
[Site "Czech Republic"]
[Date "2019.12.08"]
[Round "4.5"]
[White "Mitura, Vaclav"]
[Black "Novotny, Josef1111"]
[Result "1/2-1/2"]
[WhiteElo "2145"]
[BlackElo "1959"]
[PlyCount "155"]
[EventDate "2019.10.20"]
[EventType "team-tourn"]
[EventRounds "11"]
[EventCountry "CZE"]
[SourceTitle "CBM 193 Extra"]
[Source "ChessBase"]
[SourceDate "2020.01.31"]
[SourceVersion "1"]
[SourceVersionDate "2020.01.31"]
[SourceQuality "1"]
[WhiteTeam "Cesky Tesin"]
[BlackTeam "Rychnov nad Kneznou"]
[WhiteTeamCountry "CZE"]
[BlackTeamCountry "CZE"]

1. d4 e6 2. Nf3 d6 3. c4 Nf6 4. Nc3 c6 5. e4 Nbd7 6. Be2 e5 7. 0-0 Be7 8. Re1 Qc7 9. Rb1 a5 10. Bf1 Nf8 11. h3 h6 12. c5 Ng6 13. cxd6 Bxd6 14. Be3 0-0 15. Rc1 Qe7 16. Qc2 Nh5 17. g3 Bd7 18. Rcd1 Rad8 19. dxe5 Nxe5 20. Nxe5 Bxe5 21. Bb6 Ra8 22. Na4 Rfe8 23. Bc5 Qe6 24. f4 Bc7 25. Bf2 Bc8 26. Nc5 Qg6 27. Kh2 b6 28. Nb3 c5 29. Bg2 Re7 30. Re2 Ba6 31. Red2 Rae8 32. e5 f5 33. Rd7 Nf6 34. Rxe7 Rxe7 35. Nd2 Ne8 36. Nf3 Qh7 37. Nh4 g6 38. Qd2 Bc8 39. Bd5+ Kf8 40. g4 g5 41. Nxf5 Bxf5 42. gxf5 gxf4 43. Rg1 Rxe5 44. Rg8+ Ke7 45. Bh4+ Nf6 46. Rg6 Rxf5 47. Qe1+ Kf8 48. Rxf6+ Rxf6 49. Bxf6 f3+ 50. Kh1 Bd6 51. Bxf3 Qf5 52. Qe4 Qxf6 53. Qe2 Qf5 54. Kg2 Qf4 55. Bh5 Qh2+ 56. Kf1 Qxh3+ 57. Ke1 Bg3+ 58. Kd1 Qd7+ 59. Kc2 Qf5+ 60. Kb3 Be5 61. a4 Qf4 62. Qf3 Qxf3+ 63. Bxf3 Ke7 64. Kc2 Kf6 65. b3 Bf4 66. Kd1 Kf5 67. Be2 Ke4 68. Ke1 Ke3 69. Kf1 Bg3 70. Bc4 h5 71. Kg2 h4 72. Bf7 Kd4 73. Be6 Kc3 74. Bf7 Kb4 75. Be6 b5 76. axb5 Kxb5 77. Bf7 Kb4 78. Be6 1/2-1/2

[Event "CZE-chT 1819"]
[Site "Czech Republic"]
[Date "2019.02.09"]
[Round "7.3"]
[White "Kriebel, Tadeas"]
[Black "Mitura, Vaclav"]
[Result "1-0"]
[WhiteElo "2491"]
[BlackElo "2166"]
[PlyCount "75"]
[EventDate "2018.11.03"]
[EventType "team-tourn"]
[EventRounds "11"]
[EventCountry "CZE"]
[SourceTitle "CBM 188 Extra"]
[Source "ChessBase"]
[SourceDate "2019.02.26"]
[SourceVersion "1"]
[SourceVersionDate "2019.02.26"]
[SourceQuality "1"]
[WhiteTeam "Novoborsky"]
[BlackTeam "Cesky Tesin Slavoj"]
[WhiteTeamCountry "CZE"]
[BlackTeamCountry "CZE"]

1. e4 c6 2. d4 d5 3. e5 Bf5 4. Nf3 e6 5. Be2 Nd7 6. 0-0 Bg6 7. Nbd2 Nh6 8. Nb3 Nf5 9. Bd2 Be7 10. a4 0-0 11. a5 c5 12. c3 Rc8 13. Nxc5 Nxc5 14. dxc5 Bxc5 15. b4 Be7 16. a6 b6 17. g4 Nh4 18. Nd4 Qc7 19. f4 Be4 20. Qe1 h6 21. Qg3 Qd8 22. Rad1 Kh8 23. h3 Rg8 24. Bb5 Ng6 25. Qe3 Qc7 26. Rc1 Nh4 27. Rf2 g5 28. Rcf1 gxf4 29. Qxf4 Bg5 30. Qg3 Rg7 31. Bxg5 hxg5 32. Bc6 Ng6 33. Bb7 Qxc3 34. Qxc3 Rxc3 35. Nb5 Nf4 36. Nxc3 Nxh3+ 37. Kh2 Rh7 38. Rxf7 1-0

[Event "CZE-chT1E 1718"]
[Site "Czech Republic"]
[Date "2018.04.15"]
[Round "11.3"]
[White "Mitura, Vaclav"]
[Black "Mica, Marek"]
[Result "0-1"]
[WhiteElo "2169"]
[BlackElo "1913"]
[PlyCount "100"]
[EventDate "2017.10.22"]
[EventType "team-tourn"]
[EventRounds "11"]
[EventCountry "CZE"]
[SourceTitle "EXT 2019"]
[Source "ChessBase"]
[SourceDate "2018.10.10"]
[SourceVersion "1"]
[SourceVersionDate "2018.10.10"]
[SourceQuality "1"]
[WhiteTeam "Cesky Tesin"]
[BlackTeam "Frydek Mistek II"]
[WhiteTeamCountry "CZE"]
[BlackTeamCountry "CZE"]

1. d4 Nf6 2. c3 e6 3. Bg5 d5 4. Nd2 Be7 5. e3 Nbd7 6. f4 c5 7. Bd3 Rb8 8. Ngf3 b5 9. 0-0 Ng4 10. Bxe7 Qxe7 11. Qe2 c4 12. Bc2 f5 13. b4 Ngf6 14. Qe1 Ne4 15. Nxe4 dxe4 16. Ne5 Nxe5 17. dxe5 0-0 18. Rd1 Bb7 19. a4 Bd5 20. axb5 Rxb5 21. Ra1 Rb7 22. Ra5 Kh8 23. Qg3 Rg8 24. Qg5 Qf7 25. Rfa1 h6 26. Qh4 Kh7 27. Bd1 g5 28. Qh5 Qe7 29. R1a2 Bc6 30. Qe2 Bd5 31. Qf1 Rg7 32. Be2 gxf4 33. exf4 Qh4 34. Qf2 Qh3 35. Bf1 Qxc3 36. R5a3 Qxb4 37. Rh3 Qb6 38. Re3 Qd4 39. Rd2 Qc5 40. Rc2 Rb3 41. Rcc3 Rgb7 42. Rh3 Qxf2+ 43. Kxf2 Rxc3 44. Rxc3 Rb3 45. Rc1 e3+ 46. Ke2 Be4 47. Ke1 Bd3 48. Be2 Rb2 49. Bf3 a5 50. g4 Rf2 0-1

[Event "CZE-chT1E 1718"]
[Site "Czech Republic"]
[Date "2018.02.04"]
[Round "7.1"]
[White "Mitura, Vaclav"]
[Black "Kratochvil, Milan"]
[Result "1/2-1/2"]
[WhiteElo "2169"]
[BlackElo "2215"]
[PlyCount "43"]
[EventDate "2017.10.22"]
[EventType "team-tourn"]
[EventRounds "11"]
[EventCountry "CZE"]
[SourceTitle "EXT 2019"]
[Source "ChessBase"]
[SourceDate "2018.10.10"]
[SourceVersion "1"]
[SourceVersionDate "2018.10.10"]
[SourceQuality "1"]
[WhiteTeam "Cesky Tesin"]
[BlackTeam "Brno Lokomotiva"]
[WhiteTeamCountry "CZE"]
[BlackTeamCountry "CZE"]

1. d4 Nf6 2. c4 c5 3. d5 b5 4. cxb5 a6 5. bxa6 Bxa6 6. g3 g6 7. Bg2 d6 8. Nc3 Bg7 9. Nf3 0-0 10. Rb1 Qb6 11. 0-0 Nbd7 12. Qc2 Bc4 13. Nd2 Ba6 14. b3 Rfb8 15. Bb2 Qa5 16. Ba1 Ne5 17. h3 c4 18. bxc4 Nxc4 19. Rxb8+ Rxb8 20. Nxc4 Bxc4 21. Ne4 Qxa2 22. Qxa2 1/2-1/2

[Event "EU-chT Railways USIC"]
[Site "Korenov"]
[Date "2017.10.12"]
[Round "5.3"]
[White "Rossi, Silvano"]
[Black "Mitura, Vaclav"]
[Result "0-1"]
[WhiteElo "1938"]
[BlackElo "2169"]
[PlyCount "105"]
[EventDate "2017.10.10"]
[EventType "team-tourn"]
[EventRounds "5"]
[EventCountry "CZE"]
[SourceTitle "CBM 181 Extra"]
[Source "ChessBase"]
[SourceDate "2017.12.12"]
[SourceVersion "1"]
[SourceVersionDate "2017.12.12"]
[SourceQuality "1"]
[WhiteTeam "Switzerland"]
[BlackTeam "Czech Republic"]
[WhiteTeamCountry "SUI"]
[BlackTeamCountry "CZE"]

1. e4 c6 2. d4 d5 3. exd5 cxd5 4. Nc3 Nc6 5. Bf4 Bf5 6. Nb5 Rc8 7. a3 e6 8. Nf3 Nf6 9. Bd3 Bxd3 10. Qxd3 Be7 11. 0-0 0-0 12. Nc3 a6 13. Ne2 Ne4 14. Ng3 Nxg3 15. Bxg3 b5 16. Ne5 Na5 17. c3 Nc4 18. Qe2 a5 19. Rfc1 Re8 20. Nd3 Qb6 21. b4 Ra8 22. Nc5 Ra7 23. Nb3 Rea8 24. Qe1 Qc6 25. Nc5 h6 26. h3 Bg5 27. f4 Be7 28. Bf2 Bf8 29. g3 g6 30. g4 Bd6 31. Bg3 Qc7 32. Nd3 Kg7 33. Ne5 Bxe5 34. dxe5 axb4 35. axb4 Rxa1 36. Rxa1 Rxa1 37. Qxa1 Nd2 38. Bf2 Ne4 39. Bd4 Qc4 40. Qe1 Qd3 41. f5 gxf5 42. gxf5 Qxh3 43. f6+ Kh7 44. Qe2 Qh1+ 45. Kxh1 Ng3+ 46. Kg2 Nxe2 47. Kh3 Kg6 48. Kg4 Nc1 49. Be3 Nd3 50. Bd4 h5+ 51. Kh4 Kf5 52. Kxh5 Nxe5 53. Bxe5 0-1

[Event "EU-chT Railways USIC"]
[Site "Korenov"]
[Date "2017.10.11"]
[Round "2.3"]
[White "Ross, Helmut"]
[Black "Mitura, Vaclav"]
[Result "0-1"]
[WhiteElo "1898"]
[BlackElo "2169"]
[PlyCount "96"]
[EventDate "2017.10.10"]
[EventType "team-tourn"]
[EventRounds "5"]
[EventCountry "CZE"]
[SourceTitle "CBM 181 Extra"]
[Source "ChessBase"]
[SourceDate "2017.12.12"]
[SourceVersion "1"]
[SourceVersionDate "2017.12.12"]
[SourceQuality "1"]
[WhiteTeam "Austria"]
[BlackTeam "Czech Republic"]
[WhiteTeamCountry "AUT"]
[BlackTeamCountry "CZE"]

1. e4 c6 2. d4 d5 3. exd5 cxd5 4. Nf3 Nc6 5. Bd3 Bg4 6. c3 e6 7. Bf4 Nf6 8. h3 Bh5 9. Nbd2 Be7 10. 0-0 0-0 11. Re1 Rc8 12. Nf1 Bg6 13. Bxg6 hxg6 14. Ne5 Nxe5 15. Bxe5 Ne4 16. f3 Nd6 17. Ne3 Nc4 18. Nxc4 Rxc4 19. Qd3 Qa5 20. Re2 b5 21. Rc2 Rfc8 22. Re2 b4 23. cxb4 Qxb4 24. Rd1 R4c6 25. Bg3 Qc4 26. Qxc4 Rxc4 27. Be1 Bd8 28. Bc3 Bb6 29. g4 a5 30. Kg2 a4 31. a3 Kf8 32. f4 R8c6 33. f5 gxf5 34. gxf5 exf5 35. Rde1 Kg8 36. Rd2 Bc7 37. Kf3 Bd6 38. Re8+ Kh7 39. Rd8 g6 40. Rd7 Kg7 41. h4 Bxa3 42. Rxd5 Bb4 43. Bxb4 Rxb4 44. Rg2 Re6 45. Rc2 Re4 46. h5 Rexd4 47. Rxd4 Rxd4 48. hxg6 fxg6 0-1

[Event "EU-chT Railways USIC"]
[Site "Korenov"]
[Date "2017.10.10"]
[Round "1.3"]
[White "Mitura, Vaclav"]
[Black "Ilgner, Andreas"]
[Result "1/2-1/2"]
[WhiteElo "2169"]
[BlackElo "2127"]
[PlyCount "73"]
[EventDate "2017.10.10"]
[EventType "team-tourn"]
[EventRounds "5"]
[EventCountry "CZE"]
[SourceTitle "CBM 181 Extra"]
[Source "ChessBase"]
[SourceDate "2017.12.12"]
[SourceVersion "1"]
[SourceVersionDate "2017.12.12"]
[SourceQuality "1"]
[WhiteTeam "Czech Republic"]
[BlackTeam "Germany"]
[WhiteTeamCountry "CZE"]
[BlackTeamCountry "GER"]

1. d4 e6 2. c4 d5 3. Nf3 c5 4. cxd5 exd5 5. g3 Nc6 6. Bg2 Nf6 7. 0-0 Be7 8. Nc3 0-0 9. Bg5 c4 10. Ne5 Be6 11. Nxc6 bxc6 12. b3 h6 13. Bxf6 Bxf6 14. Na4 Rc8 15. e3 Be7 16. h3 Qa5 17. f4 f5 18. Kh2 c5 19. dxc5 Rfd8 20. Rb1 Bxc5 21. Nxc5 Qxc5 22. Qd4 Qxd4 23. exd4 cxb3 24. axb3 Rc2 25. Rfe1 Rd6 26. Ra1 a6 27. Rac1 Rd2 28. Rcd1 Rxd1 29. Rxd1 Rb6 30. Rd3 Rb4 31. Kg1 a5 32. Kf2 a4 33. bxa4 Rxa4 34. Ke3 Kf7 35. Bf3 Kg6 36. Rb3 h5 37. Kd3 1/2-1/2

[Event "CZE-chT2F 1617"]
[Site "Czech Republic"]
[Date "2017.04.02"]
[Round "11.7"]
[White "Pop, Ladislav"]
[Black "Mitura, Vaclav"]
[Result "0-1"]
[WhiteElo "1764"]
[BlackElo "2105"]
[PlyCount "70"]
[EventDate "2016.10.09"]
[EventType "team-tourn"]
[EventRounds "11"]
[EventCountry "CZE"]
[SourceTitle "EXT 2022"]
[Source "ChessBase"]
[SourceDate "2021.10.06"]
[SourceVersion "1"]
[SourceVersionDate "2021.10.06"]
[SourceQuality "1"]
[WhiteTeam "Unicov"]
[BlackTeam "Cesky Tesin"]
[WhiteTeamCountry "CZE"]
[BlackTeamCountry "CZE"]

1. e4 c6 2. d4 d5 3. exd5 cxd5 4. Nf3 Nc6 5. Bb5 Bf5 6. Nc3 e6 7. 0-0 Bd6 8. Re1 Nge7 9. Ne5 0-0 10. Bf4 Rc8 11. g4 Bg6 12. Bxc6 Nxc6 13. Nxg6 hxg6 14. Bxd6 Qxd6 15. Ne2 Rc7 16. c3 Rfc8 17. Qd3 b5 18. h4 b4 19. g5 bxc3 20. bxc3 e5 21. Kg2 exd4 22. Nxd4 Nxd4 23. cxd4 Rc3 24. Re8+ Rxe8 25. Qxc3 Qf4 26. Rh1 Re4 27. Qc8+ Kh7 28. Rd1 Re2 29. Rf1 Qxd4 30. h5 Qe4+ 31. Kg3 gxh5 32. Rh1 g6 33. Rh4 Qe5+ 34. Kf3 Rxa2 35. Qf8 Qf5+ 0-1

[Event "CZE-chT2F 1617"]
[Site "Czech Republic"]
[Date "2017.02.26"]
[Round "9.7"]
[White "Chytil, Petr"]
[Black "Mitura, Vaclav"]
[Result "0-1"]
[WhiteElo "1894"]
[BlackElo "2105"]
[PlyCount "134"]
[EventDate "2016.10.09"]
[EventType "team-tourn"]
[EventRounds "11"]
[EventCountry "CZE"]
[SourceTitle "EXT 2022"]
[Source "ChessBase"]
[SourceDate "2021.10.06"]
[SourceVersion "1"]
[SourceVersionDate "2021.10.06"]
[SourceQuality "1"]
[WhiteTeam "Velke Losiny"]
[BlackTeam "Cesky Tesin"]
[WhiteTeamCountry "CZE"]
[BlackTeamCountry "CZE"]

1. d4 d5 2. Nf3 c6 3. Bf4 Nf6 4. Nbd2 Bg4 5. h3 Bh5 6. e3 Nbd7 7. Bd3 e6 8. c3 Be7 9. Qb3 Qb6 10. 0-0 0-0 11. c4 Bg6 12. Bxg6 hxg6 13. Qc2 c5 14. dxc5 Nxc5 15. a3 a5 16. Nd4 a4 17. cxd5 Nxd5 18. Nc4 Qa6 19. Rac1 Rac8 20. Ne5 Nxf4 21. exf4 Rcd8 22. Rcd1 Rd5 23. Rd2 Rfd8 24. Rfd1 g5 25. Ne2 Rxd2 26. Rxd2 Rxd2 27. Qxd2 Qd6 28. Qe3 Bf6 29. Nc4 Qd5 30. Nb6 Qc6 31. Nc4 gxf4 32. Nxf4 g6 33. Ne5 Qd6 34. Ned3 Nxd3 35. Nxd3 Qd5 36. Qe2 Kg7 37. Qc2 Qd4 38. b3 b5 39. bxa4 bxa4 40. Nc5 Qa1+ 41. Kh2 Qxa3 42. Nxa4 Be5+ 43. g3 Bd4 44. Kg2 e5 45. h4 Qb4 46. Kf1 Qb7 47. Qd3 Qc6 48. Qd1 Qh1+ 49. Ke2 Qxd1+ 50. Kxd1 Bxf2 51. g4 Bxh4 52. Ke2 Be7 53. Nc3 f5 54. gxf5 gxf5 55. Kf3 Kg6 56. Nd5 Bd6 57. Nc3 Kg5 58. Nd5 e4+ 59. Ke2 f4 60. Nc3 Kf5 61. Kf2 Bc5+ 62. Kg2 Bd4 63. Nb5 Be5 64. Na3 f3+ 65. Kf2 Kf4 66. Nc2 Bf6 67. Ke1 e3 0-1

[Event "CZE-chT2F 1617"]
[Site "Czech Republic"]
[Date "2016.10.09"]
[Round "1.5"]
[White "Mitura, Vaclav"]
[Black "Mesiarik, Rudolf"]
[Result "1/2-1/2"]
[WhiteElo "2105"]
[BlackElo "2103"]
[PlyCount "125"]
[EventDate "2016.10.09"]
[EventType "team-tourn"]
[EventRounds "11"]
[EventCountry "CZE"]
[SourceTitle "EXT 2022"]
[Source "ChessBase"]
[SourceDate "2021.10.06"]
[SourceVersion "1"]
[SourceVersionDate "2021.10.06"]
[SourceQuality "1"]
[WhiteTeam "Cesky Tesin"]
[BlackTeam "Havirov Slovan"]
[WhiteTeamCountry "CZE"]
[BlackTeamCountry "CZE"]

1. d4 Nf6 2. c4 c5 3. d5 e6 4. Nf3 exd5 5. cxd5 d6 6. g3 g6 7. Bg2 Bg7 8. Nc3 0-0 9. 0-0 Re8 10. Nd2 Nbd7 11. Nc4 Nb6 12. Qd3 Nxc4 13. Qxc4 a6 14. Qh4 Ng4 15. Qxd8 Rxd8 16. Bd2 b5 17. Rae1 b4 18. Nd1 a5 19. Bc1 a4 20. f4 Ba6 21. Bf3 Nf6 22. g4 Bc4 23. a3 Rab8 24. Ne3 Bb3 25. g5 Nd7 26. Ng4 bxa3 27. bxa3 Bc3 28. e4 Bxe1 29. Rxe1 Bc2 30. e5 Bf5 31. Nh6+ Kf8 32. e6 fxe6 33. dxe6 Re8 34. Nxf5 gxf5 35. Bc6 Nb6 36. Bxe8 Kxe8 37. Bb2 Nd5 38. Bf6 Nxf4 39. Rd1 Rb6 40. Re1 c4 41. e7 d5 42. h4 Nd3 43. Rd1 Rb8 44. Kh2 Kf7 45. Rd2 Re8 46. Rc2 Kg6 47. Kg3 Nc5 48. Kf4 Nd3+ 49. Kg3 h5 50. Re2 Kf7 51. Rd2 Rc8 52. Rd1 Re8 53. Rb1 Nc5 54. Kf4 d4 55. Bxd4 Ne6+ 56. Ke3 Rxe7 57. Bf6 Rc7 58. Be5 Rd7 59. Rb6 Re7 60. Bf6 Rc7 61. Be5 Re7 62. Bf6 Rc7 63. Be5 1/2-1/2

[Event "Tatry op"]
[Site "Tatranske Zruby"]
[Date "2016.10.01"]
[Round "9"]
[White "Kantorik, Marian"]
[Black "Mitura, Vaclav"]
[Result "1/2-1/2"]
[WhiteElo "2251"]
[BlackElo "2105"]
[PlyCount "56"]
[EventDate "2016.09.24"]
[EventType "swiss"]
[EventRounds "9"]
[EventCountry "SVK"]
[SourceTitle "CBM 174 Extra"]
[Source "ChessBase"]
[SourceDate "2016.10.10"]
[SourceVersion "1"]
[SourceVersionDate "2016.10.10"]
[SourceQuality "1"]

1. d4 d5 2. Nc3 c6 3. e4 dxe4 4. Nxe4 Nd7 5. Bd3 Ngf6 6. Nxf6+ Nxf6 7. c3 g6 8. Nf3 Bg7 9. 0-0 0-0 10. Re1 Bg4 11. h3 Bxf3 12. Qxf3 Re8 13. Bc4 Qa5 14. Bf4 e6 15. Be5 Nd7 16. Bxg7 Kxg7 17. Rad1 Qg5 18. Bb3 Qf6 19. Qg3 Rac8 20. Re3 Kg8 21. Rde1 Nb6 22. a4 Qd8 23. h4 Re7 24. h5 Nd5 25. Re5 Rd7 26. Bc2 Ne7 27. Be4 Qf8 28. hxg6 hxg6 1/2-1/2

[Event "EU-chT Railways USIC 19th"]
[Site "St Petersburg"]
[Date "2016.07.07"]
[Round "5.3"]
[White "Gervasoni, Michele"]
[Black "Mitura, Vaclav"]
[Result "0-1"]
[WhiteElo "1801"]
[BlackElo "2089"]
[PlyCount "156"]
[EventDate "2016.07.05"]
[EventType "team-swiss"]
[EventRounds "5"]
[EventCountry "RUS"]
[SourceTitle "EXT 2020"]
[Source "ChessBase"]
[SourceDate "2019.10.17"]
[SourceVersion "1"]
[SourceVersionDate "2019.10.17"]
[SourceQuality "1"]
[WhiteTeam "Switzerland (rail)"]
[BlackTeam "Czech Republic (rail)"]
[WhiteTeamCountry "SUI"]
[BlackTeamCountry "CZE"]

1. e4 c6 2. d4 d5 3. Nc3 dxe4 4. Nxe4 Bf5 5. Ng3 Bg6 6. h4 h6 7. h5 Bh7 8. Nf3 e6 9. Bd3 Bxd3 10. Qxd3 Nd7 11. Bd2 Ngf6 12. 0-0-0 Qc7 13. Ne4 Nxe4 14. Qxe4 Nf6 15. Qe2 0-0-0 16. c4 Bd6 17. g3 Qe7 18. Bc3 Bb4 19. Bxb4 Qxb4 20. Ne5 Rhf8 21. Rd3 Nd7 22. Rb3 Qd6 23. Rd1 Nxe5 24. Qxe5 f6 25. Qxd6 Rxd6 26. Rbd3 Re8 27. Kc2 e5 28. d5 e4 29. Rd4 cxd5 30. Rxd5 Rxd5 31. Rxd5 e3 32. fxe3 Rxe3 33. Rd3 Re5 34. Rd5 Re4 35. b3 Rg4 36. Rd3 Rg5 37. Re3 Rxh5 38. Re8+ Kd7 39. Re2 Rg5 40. Re3 h5 41. a3 b5 42. cxb5 Rxb5 43. Kc3 Rg5 44. b4 a5 45. bxa5 Rxa5 46. Kb4 Rg5 47. a4 Kc6 48. Re6+ Kd5 49. Re3 Rg4+ 50. Kb5 h4 51. gxh4 Rxh4 52. a5 Rh8 53. a6 g5 54. a7 f5 55. Kb6 g4 56. Kb7 Rh7+ 57. Kb6 Rxa7 58. Kxa7 f4 59. Re8 g3 60. Kb6 g2 61. Rd8+ Ke4 62. Rg8 f3 63. Kc5 Ke3 64. Kd5 f2 65. Rxg2 f1Q 66. Rg3+ Kf4 67. Rg7 Qd1+ 68. Kc6 Qa4+ 69. Kc5 Qc2+ 70. Kd6 Qd3+ 71. Ke6 Qc4+ 72. Kf6 Qc6+ 73. Kf7 Kf5 74. Kg8 Kf6 75. Rf7+ Ke6 76. Rg7 Qe8+ 77. Kh7 Kf6 78. Rg2 Qe4+ 0-1